00856nam a22002057a 4500003000400000005001700004008004100021020001500062040000700077245015000084260003500234300002600269504003200295505014900327650002700476650002900503650004800532700003200580700003800612OSt20190502071158.0190502b xxu||||| |||| 00| 0 spa d a9505084641 cPJ10aJerarquía constitucional de los tratados internacionales /cJuan Carlos Vega, Marisa Adriana Graham directores; Juan Pablo Cafiero... [et al.]. aBuenos Aires :bAstrea,c1996. axviii, 329 p.c20 cm. aBibliografía: p. 327-329. aFundamentos. Tratados de derechos humanos. Operatividad. Tratados de integración. Acciones positivas. Derecho a la vida. Derecho de réplica. 0aDERECHO CONSTITUCIONAL 0aTRATADOS INTERNACIONALES 0aJERARQUÍA DE LOS TRATADOS INTERNACIONALES aVega, Juan Carlosedirector aGraham, Marisa Adrianaedirectora